| 000 | 02052nam a2200421 c 4500 | ||
|---|---|---|---|
| 003 | BLK | ||
| 005 | 20240416092438.0 | ||
| 008 | 180409b bul|||||r ||||||| ||bul|| | ||
| 010 | _aKNG00104542000 | ||
| 020 |
_a954-427-490-1 _bиздат.: Абагар |
||
| 040 | _aBLK | ||
| 041 |
_aBUL _cBUL |
||
| 080 |
_aПаметници на културата на историческите периоди. Археологическите паметници. Старини _b904 _x:739.1(497.21-21) _z904:739.1(497.21-21) |
||
| 080 |
_aХудожествени изделия от злато, сребро, платина. Златарско изкуство - Техника (гравиране, насичане, инкрустиране, филигран и др.), марки на златари и др. _b739.1 _x(398) _z739.1(398) |
||
| 100 | 1 |
_aЗдравкова, Златоживка Иванова _969532 |
|
| 700 | 1 |
_aИванов, Димитър _eсъавт. _9364449 |
|
| 139 |
_aЗдравкова, Златоживка Иванова и др. _bЗ 50 |
||
| 245 | 1 | 0 |
_aТракийското сребърно съкровище от Борово _cЗлатоживка Иванова Здравкова; съавт. Димитър Иванов. |
| 257 | _aBGR | ||
| 260 |
_аВ. Търново _bАбагар _c2002 _fВ. Търново : Абагар |
||
| 300 |
_a54 с. _b12 л. ил., к. _c23 см |
||
| 380 | _a9 | ||
| 500 | _aРез. на англ. ез. | ||
| 650 | 4 |
_aСъкровища - България _9257879 |
|
| 650 | 4 |
_aТракия - старини _9271948 |
|
| 650 | 4 |
_aПриложно и декоративно изкуство, тракийско _9275928 |
|
| 653 | _aТракийско съкровище | ||
| 653 | _aБорово | ||
| 653 | _aТракия | ||
| 653 | _aизкуство | ||
| 659 | _aК | ||
| 852 | _aЦб 213338 | ||
| 856 | 4 |
_qpdf _u |
|
| 856 | 4 |
_qpdf _u |
|
| 942 |
_cKNG _n0 |
||
| 944 |
_aCR _c01.01.2002 _k30560 _lГеновева Генчева |
||
| 944 |
_aED _c24.02.2004 _k |
||
| 999 |
_c99534 _d99534 |
||